| 000 | 00366 a2200133 4500 | ||
|---|---|---|---|
| 001 | 91968 | ||
| 082 | _aPR 1741 | ||
| 090 |
_c43917 _d43916 |
||
| 100 | _aZohaib Khan; Prof Atif Bin Mansoor, Advisor | ||
| 245 |
_aInvestigation and Implementation of Image Steganalysis _n65 "B" EC |
||
| 260 |
_aRawalpindi _bNUST _c2009 |
||
| 300 | _a50p | ||
| 500 | _aBE Project Report | ||
| 942 |
_aCAE NUST _kPR 1741 |
||
| 999 |
_c327041 _d327041 |
||